000 00617nam a2200181Ia 4500
008 100920s9999 xx 000 0 und d
082 _b20742
_a910 थ 69
100 _aजोशी श्रीपाद.
245 _aभारत भ्रमण भाग -2.
260 _bचेतक पुस्तके चिराबाजार मुंबई.
_c1969
300 _a89
_bसाधी
365 _b2.5
520 _aभू.प्र.
630 _aभारत भ्रमण भाग -2.
650 _aभू.प्र.
730 _aभारत भ्रमण भाग -2.
942 _cBOOK
999 _c681136
_d681133